01010nam a2200217Ia 4500003000900000008004100009020001800050040001600068080002200084111009200106245025400198260004100452300001500493490003300508650003000541700002800571700002900599942000700628999001700635952014000652IN-BaIIA211028s9999 xx 000 0 eng d a4-946443-18-5 cIIA Library a523.9(082.2)bUCH aInternational Symposium on the Yokhov Scientific ResultscJapand1993 Feb. 23-25922293 0aX-Ray solar physics from Yohkovbproceedings of the International symposium on the Yokhov Scientific results held at Japan during 23-25 February 1993cedited by Y. Uchida,T. Watanabe and K. Shibata  aJapanbUniversal Academy Pressc1994 axiv, 340p. aFrontiers science series; 10 aSolar physics, Sun921221 aShibata, K., ed.922294 aWatanabe, T., ed.922295 cBK c12732d12732 00104070aBANbBANcGENd1998-11-12eUNAP g5950.00l0o523.9(082.2)/ UCHp13649r2021-11-05v5950.00w1998-11-12yBKGRs. 5950.00